| 000 | 00552nam a2200181 a 4500 | ||
|---|---|---|---|
| 001 | 5090 | ||
| 003 | CDMR | ||
| 005 | 20131125164019.0 | ||
| 008 | 130130s1976||||||||||||||||||||||||||||d | ||
| 040 |
_aCDMR _bcat _cCDMR |
||
| 245 | 3 |
_aLa stampa in Italia _b: leggi e regolamenti |
|
| 260 |
_aRoma _c1976 _bPresidenza del Consiglio dei Ministri. Servizi informazioni e propietà letteraria |
||
| 300 | _a183 p. | ||
| 490 | 0 | _aQuaderni di Vita Italiana | |
| 650 | 0 | 4 |
_94108 _aPeriodisme _zItàlia |
| 650 | 0 | 4 |
_92737 _aPremsa _xDret i legislació |
| 942 |
_cMON _2udc |
||
| 999 |
_c5090 _d5090 |
||